000 00784nas a2200277 4500
001 BR9701161
003 BR-BrBNA
005 20231205100021.0
007 ta
008 230509b bl.|||p| |||| 00| 00por d
040 _aBR-BrBNA
_bpor
_cBiblioteca Nacional de Agricultura
041 _a(Pt)
072 _aH20
100 1 _aQueiroz, F.M.
100 1 _aBatista, U.G.
100 1 _aBronnonschenkel, S.H.
100 1 _aFerreira, F.A.
245 1 _aReacao de genotipos de feijoeiro a Alternaria sp
650 _aFeijao
650 _aMancha de Alternaria
650 _aFungo
650 _aGenotipo
773 0 _tCiencia Agricola (Brazil)
_xISSN 0103-8699
_g(Dec 1991/1992), v. 1(2) p. 101-108
_wBR9701161
909 _a202311
_bLúcia
_c55
_dLúcia Elande
942 _2AGRIS
_n0
_cANA
999 _c153937
_d153937